Pursuit of God (Record no. 3166)
[ view plain ]
| 000 -LEADER | |
|---|---|
| fixed length control field | 00564nam a2200241 a 4500 |
| 020 ## - INTERNATIONAL STANDARD BOOK NUMBER | |
| ISBN | |
| 082 00 - DEWEY DECIMAL CLASSIFICATION NUMBER | |
| Classification number | 242 |
| Author Cutter | TOZ |
| 100 ## - MAIN ENTRY--AUTHOR NAME | |
| Author name | Tozer, A W |
| 245 ## - TITLE STATEMENT | |
| Title | Pursuit of God |
| 260 ## - PUBLICATION, DISTRIBUTION, ETC. (IMPRINT) | |
| Place of publication | Akola |
| Name of publisher | Alliance Publications |
| Year of publication | 1967 |
| 300 ## - PHYSICAL DESCRIPTION | |
| Number of Pages | 118p |
| 500 ## - GENERAL NOTE | |
| General note | includes index and biblioraphy |
| 505 2# - FORMATTED CONTENTS NOTE | |
| Formatted contents note | Index of Author |
| 650 ## - SUBJECT ADDED ENTRY--TOPICAL TERM | |
| Topical Term | Devotions-Christian |
| 942 ## - ADDED ENTRY ELEMENTS (KOHA) | |
| Koha item type | Books |
| 700 1# - | |
| -- | Tozer, A W |
| Collection code | Home library | Current library | Date acquired | Cost, normal purchase price | Full call number | Accession Number | Koha item type |
|---|---|---|---|---|---|---|---|
| Henry Martyn Institute Library | Henry Martyn Institute Library | 06/29/2007 | 100.00 | 242 TOZ | 05677 | Books |
